1626 1768 1523 1748 1867 1428 1884 1372 1755 1736 1593 1549 1400 1432 1852 1247 1064 1890 1453 1564 1331 1991 1347 1616 1974 1222 1931 1627 1707 1339 1203 1036 1602 1856 1565 1373 1411 1111 1727 1861 1079 1266 1855 1341 1952 1120 1267 1423 1084 1924 1699 1546 1661 1868 1385 1087 1811 1474 1246 1227 1496 1353 1505 1632 1055 1238 1852 1864 1441 1900 1458 1289 1339 1935 1579 1783 1509 1839 1913 1603 1025 1723 1625 1390 1316 1892 1276 1043 1945 1201 1138 1599 1120 1661 1908 1001 1104 1812 1310 BCNSPRNW ULIB Ver.6.0+V

เปลี่ยนเป็นภาษาไทย

Change to English
 แสดงรายละเอียดบรรณานุกรม
  กลับหน้าหลัก

Brief Record : Get Marc (ISO 2709) : E-mail record : QR code < ปิดหน้าต่าง
LEADER : 00000nam 2200000uu 4500
001    13399123310
003     ULIB
008    140820s2548||||th 000 0 tha d
099    วพ.WํY100.4^bจ179
245 00 วิเคราะห์เนื้อหา....
945    ^p0^l0^i018229
999    ^aเกษร โพธิ์สุวรรณ
รายการนี้ยังไม่มีแท็ก
คุณยังไม่ได้ล็อกอิน คุณสามารถมีกิจกรรมร่วมกับเว็บไซต์ได้ แต่ต้องล็อกอินก่อน ::
  ล็อกอิน

รายการสื่อสารสนเทศ

ลำดับที่ ประเภท เลขเรียก/บาร์โค้ด สถานที่ สถานะ
1. งานวิจัย
งานวิจัย
วพ.WํY100.4 จ179 ฉ.1 
  Barcode: 018229
ห้องสมุดวิทยาเขตสวรรค์ประชารักษ์
►วิจัย
บนชั้น

BibComment


ยังไม่เคยถูกคอมเมนท์

คอมเมนท์ทรัพยากรรายการนี้
  คอมเมนท์: วิเคราะห์เนื้อหา


 Copyright 2026. Bcnsprnw @Library